Blues for mister Charlie

Enregistré dans:
Détails bibliographiques
Auteur principal: Baldwin, James (Auteur)
Format: Livre
Langue:anglais
Publié: Nueva York Dell Publishing Co., Inc 1965
Édition:2a. ed
Sujets:
Tags: Ajouter un tag
Pas de tags, Soyez le premier à ajouter un tag!

MARC

LEADER 00000cam a2200000 a 4500
001 UCC3839
003 CL-VaPUC
008 180622e19650000us |||||||||||||||||eng|d
082 0 4 |a 812  |b BAL  |2 21 
100 0 |a Baldwin, James  |e author  |9 597955 
245 1 0 |a Blues for mister Charlie 
250 |a 2a. ed 
300 |a 158 p 
942 |c BK 
945 |d 20180622 13:48:00  |a dcastane 
260 |a Nueva York  |b Dell Publishing Co., Inc  |c 1965 
650 7 |a DRAMAS ESTADOUNIDENSES  |2 CL-VaPUC  |9 267218 
650 0 |a Literatura estadounidense  |9 317168 
583 |a last modification  |c 20180622 13:48:00  |k Rodrigo Vera 
999 |c 371507  |d 371505 
952 |0 0  |1 0  |3 erb  |4 0  |6 812_000000000000000_BAL_1965  |7 0  |8 A  |9 488513  |a BIBEDU  |b BIBEDU  |i 5476585  |o 812 BAL 1965  |p 5476585  |r 2019-11-24  |w 2019-11-24  |y BK  |z Catalogado en:20180622  |k LIT